|
|
|
|
| LEADER |
00000nam0a2200000 4500 |
| 001 |
263661 |
| 005 |
20231101233747.0 |
| 035 |
|
|
|a (RuTPU)RU\TPU\book\286649
|
| 090 |
|
|
|a 263661
|
| 100 |
|
|
|a 20140610d1988 m y0rusy50 ca
|
| 101 |
0 |
|
|a rus
|
| 102 |
|
|
|a RU
|
| 105 |
|
|
|a y j 001zy
|
| 200 |
1 |
|
|a Математические основы надежности процессов и аппаратов химической технологии
|e текст лекций
|f А. Ф. Зубова
|g Ленинградский технологический институт им. Ленсовета (ЛТИ)
|
| 210 |
|
|
|a Ленинград
|c Изд-во ЛТИ
|d 1988
|
| 215 |
|
|
|a 48 с.
|
| 320 |
|
|
|a Библиогр.: с. 41-42.
|
| 606 |
1 |
|
|a Химическая технология
|x Процессы
|2 stltpush
|3 (RuTPU)RU\TPU\subj\31251
|9 54153
|
| 610 |
1 |
|
|a обыкновенные дифференциальные уравнения
|
| 610 |
1 |
|
|a устойчивость
|
| 610 |
1 |
|
|a расчет
|
| 610 |
1 |
|
|a дифференциальные уравнения второго порядка
|
| 610 |
1 |
|
|a химические машины
|
| 610 |
1 |
|
|a химические аппараты
|
| 610 |
1 |
|
|a функционирование
|
| 610 |
1 |
|
|a вероятностные характеристики
|
| 610 |
1 |
|
|a анализ
|
| 610 |
1 |
|
|a синтез
|
| 610 |
1 |
|
|a автоматизированные системы
|
| 610 |
1 |
|
|a программное управление
|
| 610 |
1 |
|
|a лекции
|
| 610 |
1 |
|
|a учебные пособия
|
| 675 |
|
|
|a 66.021(075.8)
|v 3
|
| 700 |
|
1 |
|a Зубова
|b А. Ф.
|g Александра Федоровна
|
| 712 |
0 |
2 |
|a Ленинградский технологический институт им. Ленсовета (ЛТИ)
|2 stltpush
|3 (RuTPU)RU\TPU\col\1462
|
| 801 |
|
1 |
|a RU
|b 63413507
|c 20140610
|
| 801 |
|
2 |
|a RU
|b 63413507
|c 20150402
|g RCR
|
| 942 |
|
|
|c BK
|